[Event "Edinburgh Premier"]
[Site "Edinburgh"]
[Date "2016.04.09"]
[Round "2.11"]
[White "Findlay, David John"]
[Black "Jennings, Richard"]
[Result "1-0"]
[WhiteElo "2155"]
[BlackElo "1866"]
[PlyCount "143"]
[EventDate "2016.04.08"]
[EventType "swiss"]
[EventRounds "5"]
[EventCountry "SCO"]
[SourceDate "2016.04.08"]

1. e4 e6 2. d4 d5 3. Nc3 Nf6 4. e5 Nfd7 5. Nf3 c5 6. dxc5 Nc6 7. Bf4 Nxc5 8.
Be2 Be7 9. O-O a6 10. Re1 b5 11. Nd4 Bb7 12. Nxc6 Bxc6 13. Bf3 Rc8 14. Ne2 O-O
15. Nd4 Ba8 16. c3 Bg5 17. Bg3 Bh4 18. Qe2 Bxg3 19. hxg3 Qg5 20. Rad1 Rfd8 21.
Qe3 Qxe3 22. Rxe3 Na4 23. Rd2 Nb6 24. Be2 Nc4 25. Bxc4 bxc4 26. g4 Bc6 27. f4
Bd7 28. g5 Rb8 29. g4 Rb6 30. Kf2 Rdb8 31. Ree2 Kf8 32. Ke3 Ke7 33. Rh2 Rh8 34.
Rh4 f6 35. gxf6+ gxf6 36. exf6+ Kxf6 37. Rh6+ Kg7 38. Nf5+ Kf8 39. Rxd5 Rb7 40.
Rxe6 Bxe6 41. Rd8+ Kf7 42. Rxh8 Bxf5 43. gxf5 Rxb2 44. Rxh7+ Kf6 45. Rh6+ Kxf5
46. Rxa6 Rh2 47. Ra5+ Ke6 48. Kd4 Rh4 49. Ke4 Rh3 50. Re5+ Kd6 51. Kd4 Rh2 52.
a4 Rf2 53. Re4 Ra2 54. f5 Rxa4 55. f6 Ra7 56. Kxc4 Rf7 57. Rf4 Ke6 58. Kb5 Rb7+
59. Kc6 Rf7 60. c4 Ke5 61. Rf1 Ke6 62. c5 Ke5 63. Kb6 Kd5 64. c6 Kd6 65. c7 Rf8
66. Kb7 Kd7 67. Rd1+ Ke6 68. c8=Q+ Kf7 69. Qf5 Rh8 70. Rd7+ Ke8 71. Qe6+ Kf8
72. Rd8# 1-0

[Event "Edinburgh Premier"]
[Site "Edinburgh"]
[Date "2016.04.09"]
[Round "2.12"]
[White "Shafi, Declan"]
[Black "Rutherford, Willie"]
[Result "0-1"]
[WhiteElo "1857"]
[BlackElo "2077"]
[PlyCount "94"]
[EventDate "2016.04.08"]
[EventType "swiss"]
[EventRounds "5"]
[EventCountry "SCO"]
[SourceDate "2016.04.08"]

1. d4 Nf6 2. c4 g6 3. Nc3 Bg7 4. e4 d6 5. Nf3 O-O 6. Be2 e5 7. O-O Nc6 8. d5
Ne7 9. Ne1 Ne8 10. Be3 f5 11. f3 f4 12. Bf2 g5 13. Rc1 Ng6 14. c5 h5 15. cxd6
cxd6 16. Nb5 Bd7 17. b4 g4 18. fxg4 f3 19. Nxf3 hxg4 20. Nd2 Bh6 21. Nc3 Qg5
22. Rc2 Nf4 23. Bg3 Rc8 24. Nb3 Ng7 25. Bb5 Qe7 26. Bxd7 Qxd7 27. Bxf4 Bxf4 28.
g3 Be3+ 29. Kg2 Rxf1 30. Qxf1 Rf8 31. Qd3 Qf7 32. Qd1 Qh5 33. Kh1 Rf3 34. Qe1
Qh3 35. Rg2 Nh5 36. Ne2 Nf6 37. Ng1 Qh6 38. Nd2 Bxd2 39. Qxd2 Qxd2 40. Rxd2 Re3
41. Rc2 Rxe4 42. Rc8+ Kf7 43. Rc7+ Kg6 44. Rxb7 Nxd5 45. a3 Re1 46. Kg2 Ra1 47.
Rd7 Ra2+ 0-1

[Event "Edinburgh Premier"]
[Site "Edinburgh"]
[Date "2016.04.09"]
[Round "2.13"]
[White "James, Chris"]
[Black "Archibong, Ubong"]
[Result "0-1"]
[WhiteElo "1828"]
[BlackElo "2063"]
[PlyCount "58"]
[EventDate "2016.04.08"]
[EventType "swiss"]
[EventRounds "5"]
[EventCountry "SCO"]
[SourceDate "2016.04.08"]

1. b4 Nf6 2. Bb2 b6 3. e3 Bb7 4. Nf3 g6 5. c4 Bg7 6. Be2 O-O 7. O-O d6 8. d4
Ne4 9. Nbd2 c5 10. Nxe4 Bxe4 11. b5 Nd7 12. Nd2 Bb7 13. Bf3 Bxf3 14. Nxf3 Rc8
15. Qb3 cxd4 16. Bxd4 e5 17. Bb2 Nc5 18. Qd1 Qe7 19. Rc1 Rfd8 20. Ne1 h5 21.
Nd3 e4 22. Bxg7 Nxd3 23. Bd4 Nxc1 24. Qxc1 Qe6 25. Qa1 Rd7 26. a4 Qxc4 27. h3
Rdc7 28. Kh2 Qxf1 29. Qxf1 Rc1 0-1

[Event "Edinburgh Premier"]
[Site "Edinburgh"]
[Date "2016.04.09"]
[Round "2.14"]
[White "Borwell, Alan"]
[Black "Carter, Richard"]
[Result "1-0"]
[WhiteElo "1955"]
[BlackElo "1805"]
[PlyCount "31"]
[EventDate "2016.04.08"]
[EventType "swiss"]
[EventRounds "5"]
[EventCountry "SCO"]
[SourceDate "2016.04.08"]

1. e4 c5 2. Nf3 e6 3. b3 b6 4. d4 cxd4 5. Nxd4 Bb7 6. Bd3 d6 7. Bb2 Nf6 8. Qe2
Be7 9. O-O Nbd7 10. c4 Nc5 11. Nc3 a6 12. Bc2 Qc7 13. Rac1 O-O-O 14. b4 Ncd7
15. Bb3 Ne5 16. Nd5 1-0

[Event "Edinburgh Premier"]
[Site "Edinburgh"]
[Date "2016.04.09"]
[Round "2.15"]
[White "Newton, Andrew"]
[Black "Green, Michael"]
[Result "1/2-1/2"]
[WhiteElo "1799"]
[BlackElo "1983"]
[PlyCount "88"]
[EventDate "2016.04.08"]
[EventType "swiss"]
[EventRounds "5"]
[EventCountry "SCO"]
[SourceDate "2016.04.08"]

1. d4 d5 2. c4 Nc6 3. Nf3 Bg4 4. cxd5 Bxf3 5. dxc6 Bxc6 6. Nc3 e6 7. e4 Bb4 8.
f3 Qh4+ 9. g3 Qh5 10. Be3 O-O-O 11. Bc4 Kb8 12. a3 Bxc3+ 13. bxc3 f5 14. Bxe6
fxe4 15. d5 exf3 16. Qd4 f2+ 17. Kxf2 b6 18. Qxg7 Nf6 19. Bf4 Nxd5 20. Bg4 Qg6
21. Qxg6 hxg6 22. Bf3 Nxf4 23. Bxc6 Nd3+ 24. Kg2 Rd6 25. Rad1 Rxc6 26. Rxd3 Re8
27. Rf1 Re2+ 28. Rf2 Rce6 29. h4 R6e4 30. Rxe2 Rxe2+ 31. Kf3 Ra2 32. g4 Rxa3
33. h5 gxh5 34. gxh5 Ra1 35. Kg4 Re1 36. h6 Re8 37. Kg5 Kb7 38. c4 a5 39. h7
Kc6 40. Kf6 Rh8 41. Kg7 Rxh7+ 42. Kxh7 Kc5 43. Rc3 Kd4 44. Rc1 c6 1/2-1/2

[Event "Edinburgh Premier"]
[Site "Edinburgh"]
[Date "2016.04.09"]
[Round "2.16"]
[White "Will, Douglas"]
[Black "Dabos-Doukas, Ioannis"]
[Result "1/2-1/2"]
[WhiteElo "1959"]
[BlackElo "1788"]
[PlyCount "87"]
[EventDate "2016.04.08"]
[EventType "swiss"]
[EventRounds "5"]
[EventCountry "SCO"]
[SourceDate "2016.04.08"]

1. e4 c5 2. Nc3 Nc6 3. f4 g6 4. Nf3 Bg7 5. Bb5 Nd4 6. Bd3 a6 7. O-O e6 8. Nxd4
Bxd4+ 9. Kh1 b5 10. Ne2 Bg7 11. c3 d5 12. f5 exf5 13. exf5 Nf6 14. a4 Bd7 15.
axb5 axb5 16. Rxa8 Qxa8 17. Ng3 O-O 18. Qe2 Re8 19. Qf2 c4 20. Bc2 Bc6 21. d4
cxd3 22. Bxd3 Ng4 23. Qf4 Ne5 24. Bc2 d4 25. Rf2 d3 26. fxg6 fxg6 27. Bb3+ Kh8
28. h3 Rf8 29. Qd4 Rxf2 30. Qxf2 Qa1 31. Qf4 Qa8 32. Qf2 Nc4 33. Bxc4 bxc4 34.
Be3 Qf8 35. Kg1 Kg8 36. Nf1 Bd5 37. Qxf8+ Kxf8 38. g3 Be5 39. h4 Ke7 40. Kf2 h5
41. Nd2 Ke6 42. Nf3 Bxf3 43. Kxf3 Kf6 44. Bd2 1/2-1/2

[Event "Edinburgh Premier"]
[Site "Edinburgh"]
[Date "2016.04.09"]
[Round "2.17"]
[White "Walker, Duncan"]
[Black "Livingstone, Jonathan"]
[Result "1-0"]
[WhiteElo "1920"]
[BlackElo "1722"]
[PlyCount "55"]
[EventDate "2016.04.08"]
[EventType "swiss"]
[EventRounds "5"]
[EventCountry "SCO"]
[SourceDate "2016.04.08"]

1. d4 d5 2. Bf4 Nf6 3. e3 Bf5 4. Nf3 h6 5. Be2 e6 6. Nbd2 Nbd7 7. h3 Be7 8. Rc1
c5 9. c4 Qb6 10. b3 Qa5 11. O-O Qxa2 12. cxd5 exd5 13. dxc5 Bxc5 14. Bb5 O-O
15. Nd4 Bxd4 16. exd4 Qa5 17. Bxd7 Nxd7 18. Rc7 Qb5 19. Qf3 Bg6 20. Rfc1 Rfe8
21. Kh2 Kh7 22. h4 Nf6 23. Be5 Ne4 24. h5 Bxh5 25. Qxh5 Nxd2 26. Qf5+ Kh8 27.
Bxg7+ Kg8 28. Qxf7+ 1-0

[Event "Edinburgh Premier"]
[Site "Edinburgh"]
[Date "2016.04.09"]
[Round "2.19"]
[White "Pearson, Raymond"]
[Black "Bourached, Anthony"]
[Result "1-0"]
[WhiteElo "1902"]
[BlackElo "1951"]
[PlyCount "88"]
[EventDate "2016.04.08"]
[EventType "swiss"]
[EventRounds "5"]
[EventCountry "SCO"]
[SourceDate "2016.04.08"]

1. e4 c6 2. c4 d5 3. cxd5 cxd5 4. exd5 Nf6 5. Bb5+ Bd7 6. Bc4 Qa5 7. Nf3 Bg4 8.
h3 Bxf3 9. Qxf3 Qc5 10. Na3 Nbd7 11. O-O g6 12. d3 Bg7 13. Be3 Qa5 14. Bd4 O-O
15. Bc3 Qc5 16. Rac1 a6 17. Nc2 Nb6 18. Bd4 Qd6 19. Ne3 Rad8 20. Rfe1 Rfe8 21.
Bb3 Nbxd5 22. Nc4 Qf4 23. Be5 Qxf3 24. gxf3 Nh5 25. d4 Nhf4 26. Re4 Nxh3+ 27.
Kf1 Ng5 28. Nd2 Nxe4 29. fxe4 Bxe5 30. dxe5 Nf4 31. Nf3 Rc8 32. Re1 Red8 33. e6
Nxe6 34. Ne5 g5 35. Re3 Rd6 36. Rf3 f6 37. Nd3 Kg7 38. e5 Rb6 39. exf6+ exf6
40. Re3 Nd4 41. Re7+ Kh6 42. Bd5 Rd8 43. Be4 f5 44. Bxb7 Nb5 1-0

[Event "Edinburgh Premier"]
[Site "Edinburgh"]
[Date "2016.04.09"]
[Round "2.20"]
[White "Lauridsen, Jesper Morch"]
[Black "Robinson, Stephen"]
[Result "1-0"]
[WhiteElo "2275"]
[BlackElo "1823"]
[PlyCount "81"]
[EventDate "2016.04.08"]
[EventType "swiss"]
[EventRounds "5"]
[EventCountry "SCO"]
[SourceDate "2016.04.08"]

1. b3 e5 2. Bb2 Nc6 3. e3 d6 4. Bb5 Bd7 5. d4 Qe7 6. dxe5 Nxe5 7. Bxd7+ Nxd7 8.
Nf3 Ngf6 9. Nc3 c6 10. Qd4 d5 11. O-O-O Qc5 12. Rhe1 O-O-O 13. Ng5 Re8 14. Nxf7
Rg8 15. Ng5 h6 16. Nf3 Qa5 17. Qa4 Bb4 18. Qxa5 Bxa5 19. Rf1 g5 20. Nd4 Rgf8
21. a3 Ng4 22. Nf3 Bb6 23. Na4 Bxe3+ 24. fxe3 Nxe3 25. Rfe1 Nxd1 26. Rxe8+ Rxe8
27. Kxd1 b5 28. Nc3 g4 29. Nd4 Ne5 30. Nf5 Re6 31. Ne2 Nf3 32. gxf3 gxf3 33.
Neg3 f2 34. Bc3 c5 35. b4 d4 36. Bd2 Re5 37. Nd6+ Kd7 38. bxc5 Rxc5 39. Nde4
Rf5 40. Ke2 f1=R 41. Nxf1 1-0

[Event "Edinburgh Premier"]
[Site "Edinburgh"]
[Date "2016.04.09"]
[Round "2.21"]
[White "Coffey, Anthony"]
[Black "Zhang, Zheming"]
[Result "0-1"]
[WhiteElo "1957"]
[BlackElo "1792"]
[PlyCount "76"]
[EventDate "2016.04.08"]
[EventType "swiss"]
[EventRounds "5"]
[EventCountry "SCO"]
[SourceDate "2016.04.08"]

1. e4 e6 2. d4 d5 3. Nd2 Nf6 4. e5 Nfd7 5. Ngf3 c5 6. c3 Nc6 7. Bd3 cxd4 8.
cxd4 Qb6 9. O-O Nxd4 10. Nxd4 Qxd4 11. Nf3 Qb6 12. a3 Bc5 13. Bc2 a5 14. Rb1
Qc7 15. b4 axb4 16. axb4 Be7 17. Re1 Nb6 18. Nd4 Bd7 19. Bf4 Nc4 20. Bd3 b5 21.
Qg4 g6 22. h4 h5 23. Qg3 Rg8 24. Bg5 Qd8 25. Ra1 Bxg5 26. hxg5 Kf8 27. Qf4 Rxa1
28. Rxa1 Qb8 29. Nf3 Be8 30. Qf6 Qb7 31. Nd4 Bd7 32. Nb3 Qb8 33. Nc5 Bc8 34. f4
Ne3 35. Ra6 Ng4 36. Qd8+ Kg7 37. Qe7 Bxa6 38. Bxg6 Kxg6 0-1

[Event "Edinburgh Premier"]
[Site "Edinburgh"]
[Date "2016.04.09"]
[Round "2.22"]
[White "Chapman, Nigel"]
[Black "Brown, Allan D"]
[Result "0-1"]
[WhiteElo "1754"]
[BlackElo "1784"]
[PlyCount "90"]
[EventDate "2016.04.08"]
[EventType "swiss"]
[EventRounds "5"]
[EventCountry "SCO"]
[SourceDate "2016.04.08"]

1. e4 d6 2. d4 Nf6 3. Nc3 g6 4. Be3 Bg7 5. Qd2 Ng4 6. Bg5 h6 7. Bh4 g5 8. Bg3
e5 9. d5 f5 10. f3 Nf6 11. Bb5+ c6 12. Bc4 b5 13. Bb3 b4 14. Na4 fxe4 15. dxc6
Nxc6 16. O-O-O Nd4 17. Qxb4 a5 18. Qb6 Qxb6 19. Nxb6 Rb8 20. Nc4 exf3 21. Nxf3
Ne2+ 22. Kb1 Nxg3 23. hxg3 Ne4 24. Nxd6+ Nxd6 25. Rxd6 Ke7 26. Rd5 a4 27. Bxa4
Be6 28. Ra5 Ra8 29. Rxa8 Rxa8 30. Bb3 Rd8 31. Bxe6 Kxe6 32. a4 e4 33. Re1 Kf5
34. Ng1 Bd4 35. Rd1 Bxg1 36. Rxd8 Kg4 37. b4 Kxg3 38. c4 e3 39. Re8 Kxg2 40. c5
Kf3 41. a5 e2 42. c6 Be3 43. Rxe3+ Kxe3 44. Kc2 e1=Q 45. c7 Qd2+ 0-1

[Event "Edinburgh Premier"]
[Site "Edinburgh"]
[Date "2016.04.09"]
[Round "2.23"]
[White "Doyle, James"]
[Black "Smith, Callum"]
[Result "1-0"]
[WhiteElo "1933"]
[BlackElo "1685"]
[PlyCount "45"]
[EventDate "2016.04.08"]
[EventType "swiss"]
[EventRounds "5"]
[EventCountry "SCO"]
[SourceDate "2016.04.08"]

1. e4 c6 2. d4 d5 3. e5 Bf5 4. Nf3 e6 5. Be2 c5 6. O-O Nc6 7. c4 cxd4 8. Nxd4
Nxd4 9. Qxd4 dxc4 10. Qxc4 Ne7 11. Rd1 Qc8 12. Qa4+ Nc6 13. Bg5 Be7 14. Bxe7
Kxe7 15. Qa3+ Ke8 16. f4 Qc7 17. Nc3 Rd8 18. Nb5 Qb6+ 19. Kh1 Nd4 20. Nxd4 Rxd4
21. Rxd4 Qxd4 22. Rd1 Qb6 23. Rd6 1-0

[Event "Edinburgh Premier"]
[Site "Edinburgh"]
[Date "2016.04.09"]
[Round "2.24"]
[White "Sykes, Chris"]
[Black "Pascha, Tariq"]
[Result "1-0"]
[WhiteElo "1897"]
[BlackElo "1654"]
[PlyCount "41"]
[EventDate "2016.04.08"]
[EventType "swiss"]
[EventRounds "5"]
[EventCountry "SCO"]
[SourceDate "2016.04.08"]

1. d4 Nf6 2. Nc3 d5 3. Bg5 e6 4. e4 dxe4 5. Nxe4 Be7 6. Bxf6 Bxf6 7. Nf3 b6 8.
c3 Bb7 9. Bd3 h6 10. Qe2 Nc6 11. O-O-O O-O 12. h4 Re8 13. g4 Be7 14. g5 h5 15.
g6 fxg6 16. Rhg1 Bxh4 17. Rxg6 Ne7 18. Nf6+ Bxf6 19. Qxe6+ Kh8 20. Rh6+ gxh6
21. Qxf6+ 1-0

[Event "Edinburgh Premier"]
[Site "Edinburgh"]
[Date "2016.04.09"]
[Round "3.1"]
[White "Samolins, Vitalijs"]
[Black "Sanchez Botella, Luis Javier"]
[Result "1-0"]
[WhiteElo "2397"]
[BlackElo "2278"]
[PlyCount "51"]
[EventDate "2016.04.08"]
[EventType "swiss"]
[EventRounds "5"]
[EventCountry "SCO"]
[SourceDate "2016.04.08"]

1. e4 c5 2. c3 d5 3. exd5 Qxd5 4. d4 Nf6 5. Nf3 Nc6 6. dxc5 Qxc5 7. Na3 Bg4 8.
Nb5 Rc8 9. Be3 Bxf3 10. Qxf3 Qe5 11. O-O-O Qb8 12. Nxa7 e6 13. Bb5 Be7 14. Qg3
Qa8 15. Nxc8 Qxc8 16. Qxg7 Rg8 17. Qh6 Rg6 18. Qh3 Kf8 19. Bd3 Rg4 20. Bxh7 Nb4
21. Kb1 Nbd5 22. Rxd5 exd5 23. f3 Rc4 24. Bf5 Qc6 25. Qh8+ Ng8 26. Bh7 1-0

[Event "Edinburgh Premier"]
[Site "Edinburgh"]
[Date "2016.04.09"]
[Round "3.2"]
[White "Green, Andrew"]
[Black "Arakhamia-Grant, Ketevan"]
[Result "0-1"]
[WhiteElo "2153"]
[BlackElo "2360"]
[PlyCount "68"]
[EventDate "2016.04.08"]
[EventType "swiss"]
[EventRounds "5"]
[EventCountry "SCO"]
[SourceDate "2016.04.08"]

1. d4 Nf6 2. Nf3 g6 3. Nc3 d5 4. Bf4 Bg7 5. e3 O-O 6. Be2 c6 7. h3 Nbd7 8. O-O
b5 9. b4 a5 10. a3 Re8 11. Ne5 Nxe5 12. Bxe5 Bf8 13. Bg3 Bf5 14. Bh4 axb4 15.
axb4 Rxa1 16. Qxa1 Bxc2 17. Qa2 Bf5 18. g4 Be6 19. f4 Ne4 20. Qc2 Nxc3 21. Qxc3
Qd7 22. Rc1 Rc8 23. Kf2 Qd6 24. Bg3 Bd7 25. Kg2 e5 26. dxe5 Qxb4 27. Qc2 Qe4+
28. Qxe4 dxe4 29. f5 gxf5 30. gxf5 Bxf5 31. Rf1 Be6 32. Bf4 Bg7 33. h4 Bd5 34.
Bg4 Re8 0-1

[Event "Edinburgh Premier"]
[Site "Edinburgh"]
[Date "2016.04.09"]
[Round "3.3"]
[White "Berry, Neil"]
[Black "Abrahams, Daniel"]
[Result "1-0"]
[WhiteElo "2351"]
[BlackElo "2084"]
[PlyCount "71"]
[EventDate "2016.04.08"]
[EventType "swiss"]
[EventRounds "5"]
[EventCountry "SCO"]
[SourceDate "2016.04.08"]

1. d4 Nf6 2. c4 e6 3. g3 Bb4+ 4. Bd2 a5 5. Bg2 d6 6. e4 e5 7. Ne2 O-O 8. O-O
Nbd7 9. Qc2 Re8 10. d5 Bc5 11. Nbc3 Nb6 12. b3 Bd7 13. a3 Qc8 14. Nd1 Bh3 15.
Ne3 Bxe3 16. Bxe3 Qg4 17. f3 Qh5 18. Nc3 Bxg2 19. Kxg2 Nbd7 20. b4 Rec8 21. Nb5
b6 22. Rfc1 Ne8 23. c5 bxc5 24. bxc5 c6 25. Nxd6 Nxd6 26. cxd6 c5 27. Qa4 Nf6
28. Rxc5 Rxc5 29. Bxc5 Rb8 30. Ra2 g5 31. h3 g4 32. hxg4 Qg5 33. d7 h5 34. Be7
hxg4 35. fxg4 Qe3 36. Bxf6 1-0

[Event "Edinburgh Premier"]
[Site "Edinburgh"]
[Date "2016.04.09"]
[Round "3.4"]
[White "Tate, Alan"]
[Black "Walker, Duncan"]
[Result "1-0"]
[WhiteElo "2301"]
[BlackElo "1920"]
[PlyCount "47"]
[EventDate "2016.04.08"]
[EventType "swiss"]
[EventRounds "5"]
[EventCountry "SCO"]
[SourceDate "2016.04.08"]

1. Nf3 c5 2. c4 Nf6 3. Nc3 g6 4. e4 d6 5. d4 cxd4 6. Nxd4 Bg7 7. Be2 O-O 8. O-O
Nc6 9. Be3 Bd7 10. Nc2 Rc8 11. Qd2 Ne5 12. b3 a6 13. f3 h5 14. h3 Kh7 15. f4
Nc6 16. b4 Re8 17. Rac1 e5 18. f5 Nd4 19. Nxd4 exd4 20. Bxd4 Nxe4 21. Nxe4 Rxe4
22. fxg6+ fxg6 23. Rf7 Re7 24. Bxg7 1-0

[Event "Edinburgh Premier"]
[Site "Edinburgh"]
[Date "2016.04.09"]
[Round "3.5"]
[White "Coffey, Patrick"]
[Black "Gray, Euan"]
[Result "1/2-1/2"]
[WhiteElo "2199"]
[BlackElo "1904"]
[PlyCount "108"]
[EventDate "2016.04.08"]
[EventType "swiss"]
[EventRounds "5"]
[EventCountry "SCO"]
[SourceDate "2016.04.08"]

1. e4 e5 2. Nf3 Nf6 3. Nxe5 d6 4. Nf3 Nxe4 5. d3 Nf6 6. d4 d5 7. c4 c6 8. Nc3
Nbd7 9. cxd5 Nxd5 10. Nxd5 cxd5 11. Be2 Be7 12. O-O O-O 13. Qb3 Nb8 14. Ne5 Nc6
15. Nxc6 bxc6 16. Qc2 Qb6 17. Be3 Be6 18. Rfc1 Rfc8 19. g4 g6 20. Kg2 f5 21.
gxf5 Bxf5 22. Bd3 Bxd3 23. Qxd3 Qxb2 24. Rab1 Qa3 25. Qxa3 Bxa3 26. Rc3 Bf8 27.
Rbc1 Bg7 28. Rxc6 Rxc6 29. Rxc6 Rb8 30. Rd6 Rb4 31. Rd8+ Kf7 32. Rd7+ Kg8 33.
Rxd5 Ra4 34. Rd8+ Kf7 35. Rd7+ Kg8 36. d5 Rxa2 37. Bxa7 Rd2 38. Be3 Rd1 39. Bf4
Bf6 40. Kf3 g5 41. Ke2 Ra1 42. Be3 Ra8 43. Kf3 Ra4 44. Rb7 Be5 45. h3 Bf4 46.
Bxf4 Rxf4+ 47. Kg3 Rd4 48. Rd7 h5 49. Kf3 Kf8 50. d6 g4+ 51. hxg4 hxg4+ 52. Ke3
Rd1 53. Kf4 Ke8 54. Re7+ Kf8 1/2-1/2

[Event "Edinburgh Premier"]
[Site "Edinburgh"]
[Date "2016.04.09"]
[Round "3.7"]
[White "Rutherford, Willie"]
[Black "Pearson, Raymond"]
[Result "1/2-1/2"]
[WhiteElo "2077"]
[BlackElo "1902"]
[PlyCount "85"]
[EventDate "2016.04.08"]
[EventType "swiss"]
[EventRounds "5"]
[EventCountry "SCO"]
[SourceDate "2016.04.08"]

1. d4 Nf6 2. Nf3 g6 3. c4 Bg7 4. Nc3 O-O 5. e4 d6 6. Be2 e5 7. O-O Nc6 8. d5
Ne7 9. Ne1 Nd7 10. Be3 f5 11. f3 f4 12. Bf2 g5 13. Rc1 a5 14. Nd3 b6 15. a3 Nf6
16. b4 axb4 17. axb4 h5 18. c5 bxc5 19. bxc5 g4 20. Nb5 Bh6 21. Ra1 Rb8 22. Nb4
gxf3 23. gxf3 Bh3 24. cxd6 cxd6 25. Nc6 Nxc6 26. dxc6 Qe8 27. Kh1 Bxf1 28. Bxf1
Qxc6 29. Qxd6 Qxd6 30. Nxd6 Rfd8 31. Bc4+ Kh7 32. Nf7 Rd2 33. Bg1 Bg7 34. Be6
h4 35. Bf5+ Kg8 36. Nxe5 Nxe4 37. Be6+ Kf8 38. Ng6+ Ke8 39. Ra7 Nf2+ 40. Bxf2
Rxf2 41. Re7+ Kd8 42. Rd7+ Ke8 43. Re7+ 1/2-1/2

[Event "Edinburgh Premier"]
[Site "Edinburgh"]
[Date "2016.04.09"]
[Round "3.8"]
[White "Marzano, Carlo"]
[Black "Borwell, Alan"]
[Result "1-0"]
[WhiteElo "2188"]
[BlackElo "1955"]
[PlyCount "113"]
[EventDate "2016.04.08"]
[EventType "swiss"]
[EventRounds "5"]
[EventCountry "SCO"]
[SourceDate "2016.04.08"]

1. d4 Nf6 2. Nf3 b6 3. Bg5 Ne4 4. Bf4 Bb7 5. e3 e6 6. Bd3 Be7 7. Nbd2 f5 8. h3
O-O 9. c3 Kh8 10. Qc2 Nxd2 11. Qxd2 d6 12. O-O-O a5 13. Qe2 Nd7 14. Bh2 Qe8 15.
e4 Qf7 16. Rhe1 Rae8 17. Kb1 h6 18. Nd2 f4 19. f3 e5 20. d5 Nc5 21. Bb5 Ra8 22.
Bg1 Bh4 23. Rf1 Ba6 24. Bxc5 Bxb5 25. Qxb5 bxc5 26. Nc4 Rfb8 27. Qa4 Qe8 28.
Qxe8+ Rxe8 29. a4 Reb8 30. Kc2 Kg8 31. Ra1 Kf7 32. Ra3 Ke8 33. Rfa1 Kd7 34. Rb3
Rxb3 35. Kxb3 Rb8+ 36. Kc2 Ra8 37. Ra3 Bd8 38. Rb3 Ra7 39. Rb8 Ra6 40. Rb7 g5
41. Kd3 h5 42. Rb8 Ra7 43. Na3 c6 44. dxc6+ Kc7 45. Rxd8 Kxd8 46. Kc4 Rg7 47.
Kd5 g4 48. hxg4 hxg4 49. Kxd6 gxf3 50. gxf3 Rg6+ 51. Kxc5 Rg3 52. Nc4 Rxf3 53.
Nxe5 Rf1 54. Kb6 Rb1 55. Nc4 Rd1 56. c7+ Kc8 57. Kc6 1-0

[Event "Edinburgh Premier"]
[Site "Edinburgh"]
[Date "2016.04.09"]
[Round "3.9"]
[White "Doyle, James"]
[Black "Lauridsen, Jesper Morch"]
[Result "1/2-1/2"]
[WhiteElo "1933"]
[BlackElo "2275"]
[PlyCount "58"]
[EventDate "2016.04.08"]
[EventType "swiss"]
[EventRounds "5"]
[EventCountry "SCO"]
[SourceDate "2016.04.08"]

1. e4 c5 2. Nf3 d6 3. d4 cxd4 4. Nxd4 Nf6 5. Nc3 g6 6. Be2 Bg7 7. O-O O-O 8.
Be3 Nc6 9. Nxc6 bxc6 10. f3 Rb8 11. Rb1 Qa5 12. Kh1 Nh5 13. g4 Bxc3 14. bxc3
Rxb1 15. Qxb1 Qxc3 16. Qb3 Qxb3 17. axb3 Ng7 18. Ra1 a6 19. Bxa6 Bxa6 20. Rxa6
c5 21. Ra7 Re8 22. Kg2 f5 23. exf5 gxf5 24. h4 fxg4 25. fxg4 Kf7 26. Kf3 h5 27.
gxh5 Nxh5 28. Rd7 Kf6 29. Bf4 e5 1/2-1/2

[Event "Edinburgh Premier"]
[Site "Edinburgh"]
[Date "2016.04.09"]
[Round "3.10"]
[White "Sykes, Chris"]
[Black "Orr, Mark J L"]
[Result "0-1"]
[WhiteElo "1897"]
[BlackElo "2180"]
[PlyCount "78"]
[EventDate "2016.04.08"]
[EventType "swiss"]
[EventRounds "5"]
[EventCountry "SCO"]
[SourceDate "2016.04.08"]

1. d4 d5 2. Bf4 c6 3. Nd2 Bf5 4. e3 Nf6 5. Ngf3 e6 6. Ne5 Nbd7 7. Bd3 Bxd3 8.
cxd3 Be7 9. O-O O-O 10. h3 Nxe5 11. dxe5 Nd7 12. Qg4 Kh8 13. Nf3 c5 14. d4 c4
15. Ng5 Bxg5 16. Bxg5 Qe8 17. f4 f5 18. Qe2 b5 19. g4 Nb6 20. gxf5 exf5 21. Rf3
Rc8 22. Rc1 b4 23. Qe1 a5 24. a3 Na4 25. Rf2 c3 26. bxc3 b3 27. Qd2 Nb6 28. Rb1
a4 29. Rg2 Nc4 30. Qc1 Rb8 31. Kh2 Rb7 32. Rf2 Qe6 33. Re2 Rfb8 34. Re1 b2 35.
Qc2 Rb3 36. Be7 Qxe7 37. Qxf5 Nxa3 38. e6 Nxb1 39. Rxb1 a3 0-1

[Event "Edinburgh Premier"]
[Site "Edinburgh"]
[Date "2016.04.09"]
[Round "3.11"]
[White "Abdulla, Murad"]
[Black "Marks, Ian"]
[Result "1-0"]
[WhiteElo "2065"]
[BlackElo "1888"]
[PlyCount "47"]
[EventDate "2016.04.08"]
[EventType "swiss"]
[EventRounds "5"]
[EventCountry "SCO"]
[SourceDate "2016.04.08"]

1. e4 c5 2. Nf3 d6 3. d4 cxd4 4. Nxd4 Nf6 5. Nc3 Nc6 6. Nb3 a6 7. a4 e5 8. Bc4
Be7 9. Bg5 O-O 10. Bxf6 Bxf6 11. O-O Bg5 12. Qe2 Be6 13. Rad1 Rc8 14. Nd5 Bxd5
15. Bxd5 Nb4 16. c3 Nxd5 17. Rxd5 f5 18. exf5 Rxf5 19. Qd3 Rf6 20. Nc5 Rg6 21.
Nxb7 Qb6 22. Nxd6 Rxd6 23. Rxd6 Qxb2 24. Qf5 1-0

[Event "Edinburgh Premier"]
[Site "Edinburgh"]
[Date "2016.04.09"]
[Round "3.12"]
[White "Hall, David G"]
[Black "Birkett, Richard"]
[Result "1-0"]
[WhiteElo "1874"]
[BlackElo "2050"]
[PlyCount "81"]
[EventDate "2016.04.08"]
[EventType "swiss"]
[EventRounds "5"]
[EventCountry "SCO"]
[SourceDate "2016.04.08"]

1. d4 d5 2. c4 c6 3. Nf3 Nf6 4. Qc2 e6 5. Nbd2 Nbd7 6. g3 Bd6 7. Bg2 O-O 8. O-O
b6 9. e4 Nxe4 10. Nxe4 dxe4 11. Qxe4 Bb7 12. Rd1 Nf6 13. Qe2 Qc7 14. c5 bxc5
15. dxc5 Bxc5 16. Bf4 Qb6 17. Ne5 Rad8 18. Bg5 Bd4 19. Bxf6 gxf6 20. Nxc6 Bxc6
21. Bxc6 Bxb2 22. Rxd8 Rxd8 23. Rb1 Rb8 24. Bf3 a5 25. Qd2 a4 26. Qd7 a3 27.
Bh5 Rf8 28. Qe7 Qb5 29. Qxa3 Rb8 30. Qf3 f5 31. Qe2 Qb4 32. Qc2 Qa3 33. Bxf7+
Kxf7 34. Qc7+ Kg6 35. Qxb8 Bd4 36. Qe8+ Kg5 37. Qxe6 Qf3 38. Qe1 Kg4 39. Rb3
Qc6 40. Qd1+ Kg5 41. Qxd4 1-0

[Event "Edinburgh Premier"]
[Site "Edinburgh"]
[Date "2016.04.09"]
[Round "3.13"]
[White "Giulian, Rosie"]
[Black "Bhopal, Raj"]
[Result "1/2-1/2"]
[WhiteElo "1867"]
[BlackElo "1998"]
[PlyCount "82"]
[EventDate "2016.04.08"]
[EventType "swiss"]
[EventRounds "5"]
[EventCountry "SCO"]
[SourceDate "2016.04.08"]

1. e4 d5 2. exd5 Qxd5 3. Nc3 Qd6 4. d4 Nf6 5. Nf3 a6 6. a4 Bg4 7. Be2 Nc6 8.
Be3 O-O-O 9. Ng5 Be6 10. O-O Nxd4 11. Qxd4 Qxd4 12. Bxd4 Rxd4 13. Nxe6 fxe6 14.
Rad1 e5 15. Rfe1 Rb4 16. b3 g6 17. Bf3 e4 18. Nxe4 Nxe4 19. Rxe4 Rxe4 20. Bxe4
e6 21. Kf1 Bd6 22. Ke2 Rf8 23. f3 Rd8 24. h3 c6 25. Bd3 Kc7 26. h4 Rd7 27. h5
gxh5 28. Rh1 Rg7 29. Rxh5 Rxg2+ 30. Kf1 Rh2 31. Rxh7+ Rxh7 32. Bxh7 a5 33. Ke2
Kb6 34. Bg8 e5 35. Kd3 Kc5 36. c3 b6 37. Bf7 Be7 38. Ke4 Kd6 39. Be8 Bg5 40.
Kd3 Kc5 41. b4+ axb4 1/2-1/2